|
|
|
|
| LEADER |
00000nam0a2200000 4500 |
| 001 |
94937 |
| 005 |
20231101214000.0 |
| 035 |
|
|
|a (RuTPU)RU\TPU\book\101689
|
| 090 |
|
|
|a 94937
|
| 100 |
|
|
|a 20060418d1943 k y0rusy50 ca
|
| 101 |
0 |
|
|a rus
|
| 102 |
|
|
|a RU
|
| 105 |
|
|
|a a z 001zy
|
| 200 |
1 |
|
|a Получение древесного угля в переносных печах из отходов лесосек
|f В. А. Коробкин, В. А. Сорокин
|
| 210 |
|
|
|a Москва
|a Свердловск
|c Металлургиздат
|d 1943
|
| 215 |
|
|
|a 76 с.
|c ил.
|
| 300 |
|
|
|a Подписано к печати 16/IV 1943 г.
|
| 320 |
|
|
|a Библиогр.: с. 73-74
|
| 606 |
1 |
|
|a Древесный уголь
|2 stltpush
|3 (RuTPU)RU\TPU\subj\33173
|
| 606 |
1 |
|
|a Печи
|x Теплотехнические расчеты
|2 stltpush
|3 (RuTPU)RU\TPU\subj\31387
|9 54250
|
| 610 |
1 |
|
|a получение
|
| 610 |
1 |
|
|a конструкции
|
| 610 |
1 |
|
|a эксплуатация
|
| 610 |
1 |
|
|a углежжение
|
| 610 |
1 |
|
|a производительность
|
| 610 |
1 |
|
|a испытания
|
| 610 |
1 |
|
|a технические результаты
|
| 610 |
1 |
|
|a себестоимость
|
| 610 |
1 |
|
|a экономическая эффективность
|
| 610 |
1 |
|
|a коллекция: 1941-1945 гг.
|
| 610 |
1 |
|
|a Великая Отечественная война 1941-1945
|
| 675 |
|
|
|a 662.71
|v 3
|
| 675 |
|
|
|a 66.041
|v 3
|
| 700 |
|
1 |
|a Коробкин
|b В. А.
|
| 701 |
|
1 |
|a Сорокин
|b В. А.
|
| 801 |
|
1 |
|a RU
|b 63413507
|c 20060418
|g PSBO
|
| 801 |
|
2 |
|a RU
|b 63413507
|c 20200707
|g PSBO
|
| 942 |
|
|
|c BK
|